000 00436nam a2200145Ia 4500
003 OSt
005 20260129124002.0
008 211028s2018 xx 000 0 und d
040 _cAIMIT LIBRARY
041 _aeng
100 _aNoufal, Nawal; James, Justine P.
_g1616118
_97873
245 _aStudy on theatre advertisment with special reference to UFO moviez Cochin /
260 _aMangalore
_bJustine P James.
_c2018
942 _2ddc
_cPRO
999 _c219441
_d219441